|
|
|
|
| LEADER |
00000nab a2200000 a 4500 |
| 001 |
vtls000618209 |
| 003 |
SK-MaSNL |
| 005 |
20260304102815.0 |
| 008 |
250425c1996 xo 0 slo |
| 015 |
|
|
|a SNBRB19rr/mm-uuuuu
|
| 035 |
|
|
|a CL0618348
|
| 035 |
|
|
|a urn:nbn:sk:snk-ab76yo
|
| 035 |
|
|
|a (uuid)62d2989f-9377-46c5-be30-7f2bf5d78e72
|
| 035 |
|
|
|a (urnnbn)urn:nbn:sk:snk:ar-a072jz
|
| 035 |
|
|
|a (sysno)vtls000618209
|
| 040 |
|
|
|a SNKBUCL
|b slo
|c SNKBUCL
|e AACR2
|
| 041 |
0 |
|
|a slo
|
| 044 |
|
|
|a xo
|c SK
|
| 080 |
|
|
|a 37.03:371.64/.69:373.3
|2 1981
|
| 080 |
|
|
|a 371.64/.69
|2 1981
|
| 080 |
|
|
|a 373.3
|2 1981
|
| 100 |
1 |
|
|a Miklóssy, J.
|4 aut
|9 1400219
|
| 245 |
1 |
0 |
|a Vážení kolegovia - učitelia občianskej výchovy
|c J. Miklóssy
|
| 650 |
0 |
7 |
|a občianska náuka
|2 snkbucl
|9 207230
|
| 650 |
0 |
7 |
|a učebné pomôcky
|2 snkbucl
|9 13833
|
| 650 |
0 |
7 |
|a školy základné
|2 snkbucl
|9 390867
|
| 655 |
|
7 |
|a články z novín a časopisov
|2 snkbucl
|9 267496
|
| 773 |
0 |
|
|t Pedagogické spektrum
|g Roč. 5, č. 4 (1996), s. 73-75
|
| 850 |
|
|
|a Slovenská národná knižnica
|
| 852 |
|
|
|a Slovenská národná knižnica
|
| 954 |
|
|
|a odborná, vedecká literatúra pôvodná (slovenská)
|2 lita
|
| 958 |
|
|
|a article27
|
| 958 |
|
|
|a NX
|
| 958 |
|
|
|a RK
|
| 958 |
|
|
|a OND
|
| 958 |
|
|
|a EUIPO
|
| 999 |
|
|
|c 2846728
|d 2848658
|